002770000a2200061000450024501290000030000570012977300290018610aScorning goals in Costa Rica : A soccer star, an earthquake and CFC become ingredients in a nation-wide evangelistic program aVol. 75, Num. 1 (Enero-Junio, 1995), Páginas 13-150 tLatin America Evangelist